[Event "II C.to Europeo a squadre femminile"]
[Site "Pola CRO"]
[Date "1997.05.??"]
[Round "2.1"]
[White "Riegler, Alessandra"]
[Black "Borek, Jutta"]
[Result "1/2-1/2"]
[WhiteElo "2050"]
[BlackElo "2085"]
[Annotator "ITA-AUT"]
[PlyCount "71"]
[EventDate "1997.05.05"]

1. e4 c5 2. Nf3 e6 3. c3 d5 4. exd5 Qxd5 5. d4 Nf6 6. Be2 Nc6 7. Be3 cxd4 8.
Bxd4 Nxd4 9. Qxd4 a6 10. Nbd2 Be7 11. O-O O-O 12. Nb3 Qxd4 13. Nbxd4 Nd5 14. g3
Bf6 15. Rfe1 Rd8 16. Bf1 Bd7 17. Bg2 Rab8 18. Rac1 Be8 19. Ne5 g6 20. Rcd1 Nb6
21. f4 Rdc8 22. Nb3 Bxe5 23. Rxe5 Nc4 24. Re2 Bc6 25. Bxc6 Rxc6 26. Rd7 Rd6 27.
Rc7 Rd1+ 28. Kf2 b5 29. Nd4 Rb6 30. b3 Nd6 31. Ke3 h5 32. c4 bxc4 33. bxc4 Rb4
34. Rc2 Re1+ 35. Ne2 Nf5+ 36. Kd2 1/2-1/2

[Event "II C.to Europeo a squadre femminile"]
[Site "Pola CRO"]
[Date "1997.05.??"]
[Round "2.2"]
[White "Horvath, Maria"]
[Black "Fittante, Giuliana"]
[Result "0-1"]
[WhiteElo "2050"]
[BlackElo "1707"]
[Annotator "ITA-AUT"]
[PlyCount "77"]
[EventDate "1997.05.05"]

1. d4 d5 2. c4 c6 3. Nf3 Nf6 4. Qc2 e6 5. e3 Nbd7 6. Nc3 Bd6 7. Bd3 dxc4 8.
Bxc4 e5 9. dxe5 Nxe5 10. Nxe5 Bxe5 11. f4 Bc7 12. O-O O-O 13. Bd2 Bb6 14. Rae1
Re8 15. Bd3 h6 16. Na4 Bc7 17. b4 b6 18. Kh1 Bb7 19. e4 Rc8 20. Bc3 Bb8 21. a3
c5 22. bxc5 bxc5 23. Nb2 Bc7 24. Nc4 Ba6 25. Rd1 Qe7 26. Bxf6 Qxf6 27. e5 Qc6
28. Be4 Qe6 29. Bd5 Qg4 30. Ne3 Qh5 31. Rf3 Red8 32. Rh3 Qe2 33. Qxe2 Bxe2 34.
Re1 Ba6 35. Bc4 Bxc4 36. Nxc4 Rd4 37. Rc3 Rxf4 38. g3 Rf2 39. Kg1 0-1

[Event "II C.to Europeo a squadre femminile"]
[Site "Pola CRO"]
[Date "1997.05.??"]
[Round "3.1"]
[White "Grosar, Kiti"]
[Black "Fittante, Giuliana"]
[Result "0-1"]
[WhiteElo "2225"]
[BlackElo "1707"]
[Annotator "ITA-SLO"]
[PlyCount "82"]
[EventDate "1997.05.05"]

1. e4 e5 2. Nf3 Nf6 3. Nc3 Bb4 4. d3 d5 5. exd5 Nxd5 6. Bd2 Nc6 7. g3 O-O 8.
Bg2 Be6 9. O-O f6 10. Re1 Qd7 11. a3 Nxc3 12. Bxc3 Bxc3 13. bxc3 Bh3 14. Bh1
Rad8 15. Qe2 Rfe8 16. Rab1 b6 17. Nh4 Na5 18. Be4 g5 19. Nf3 f5 20. Nxg5 fxe4
21. Nxe4 Qf5 22. g4 Bxg4 23. Qe3 Re6 24. Rb4 Rg6 25. Ng3 Bf3 26. Rh4 Qg5 27.
Ra4 Qh5 28. h3 Bc6 29. Kh2 Qg5 30. Rb4 Qxe3 31. Rxe3 Rf8 32. Kg1 Bd7 33. Rh4
Nc6 34. Kf1 Rgf6 35. Re2 R8f7 36. Ke1 Rf4 37. Rh6 R7f6 38. Rh5 Be8 39. Rg5+ Rg6
40. Rxg6+ Bxg6 41. Kd2 Rh4 0-1

[Event "II C.to Europeo a squadre femminile"]
[Site "Pola CRO"]
[Date "1997.05.??"]
[Round "3.2"]
[White "Goi, Veronika"]
[Black "Licina, Anita"]
[Result "0-1"]
[WhiteElo "1567"]
[BlackElo "2170"]
[Annotator "ITA-SLO"]
[PlyCount "50"]
[EventDate "1997.05.05"]

1. e4 c5 2. Nf3 Nc6 3. d4 cxd4 4. Nxd4 Nf6 5. Nc3 d6 6. Be2 e5 7. Nb3 Be7 8.
Be3 O-O 9. Qd2 Be6 10. h3 a5 11. Nc1 Rc8 12. O-O d5 13. exd5 Nxd5 14. Nxd5 Bxd5
15. f4 exf4 16. Rxf4 Re8 17. Rf2 Bh4 18. Rf1 Bg3 19. Bd3 Bc7 20. Kh1 Ne5 21. b3
Nxd3 22. Nxd3 Qh4 23. Bf4 Qxh3+ 24. Kg1 Bb6+ 25. Rf2 Qg4 0-1

[Event "II C.to Europeo a squadre femminile"]
[Site "Pola CRO"]
[Date "1997.05.??"]
[Round "4.1"]
[White "Riegler, Alessandra"]
[Black "Garcia Vicente, Nieves"]
[Result "0-1"]
[WhiteElo "2050"]
[BlackElo "2245"]
[Annotator "ITA-ESP"]
[PlyCount "110"]
[EventDate "1997.05.05"]

1. e4 e5 2. Nf3 Nc6 3. Bb5 Nf6 4. Nc3 Nd4 5. Ba4 Bc5 6. O-O O-O 7. d3 d6 8. h3
c6 9. Nxd4 Bxd4 10. Ne2 Bb6 11. c3 d5 12. exd5 Qxd5 13. Be3 Bf5 14. Bc2 c5 15.
Ng3 Bg6 16. Ne4 Nxe4 17. dxe4 Bxe4 18. Bxe4 Qxe4 19. Re1 Qc6 20. Qh5 Rae8 21.
Rad1 Bc7 22. Rd2 Re6 23. Red1 Rg6 24. Rd5 b6 25. Qf5 Bd6 26. c4 Re8 27. f3 e4
28. fxe4 Rf6 29. Qg4 Rfe6 30. Qf5 Rf6 31. Qg4 Rfe6 32. Qf3 Be5 33. R1d2 h6 34.
Rd8 Bf6 35. Rxe8+ Qxe8 36. Bf2 Rxe4 37. b3 Qe6 38. Kf1 g6 39. Rd5 Kg7 40. Bg3
Re3 41. Qf4 Bc3 42. Rd1 Re4 43. Qd6 Qf5+ 44. Kg1 Bd4+ 45. Kh2 Re2 46. Qd5 Qxd5
47. cxd5 Kf8 48. d6 Ke8 49. b4 Kd7 50. bxc5 Bxc5 51. a4 a5 52. h4 h5 53. Kh3
Re4 54. Rd2 f5 55. Rd5 Rxa4 0-1

[Event "II C.to Europeo a squadre femminile"]
[Site "Pola CRO"]
[Date "1997.05.??"]
[Round "4.2"]
[White "Calzetta Ruiz, Monica"]
[Black "Goi, Veronika"]
[Result "1-0"]
[WhiteElo "2200"]
[BlackElo "1567"]
[Annotator "ITA-ESP"]
[PlyCount "55"]
[EventDate "1997.05.05"]

1. e4 c6 2. d4 d5 3. exd5 cxd5 4. c4 Nc6 5. Nf3 Bg4 6. cxd5 Qxd5 7. Be2 e6 8.
Nc3 Bb4 9. O-O Qa5 10. Ne4 Nge7 11. a3 Nd5 12. axb4 Qxa1 13. b5 Ncb4 14. Nd6+
Kd7 15. Nxf7 Bxf3 16. Bxf3 Rhf8 17. Ne5+ Kd6 18. Qb3 a5 19. Bxd5 exd5 20. Bg5
Qa2 21. Qh3 Kc7 22. Qc3+ Kd6 23. Qc5+ Ke6 24. Qe7+ Kf5 25. Re1 h5 26. Qd7+ Kxg5
27. Qxg7+ Kf4 28. g3+ 1-0

[Event "II C.to Europeo a squadre femminile"]
[Site "Pola CRO"]
[Date "1997.05.??"]
[Round "5.1"]
[White "Jiretorn, Eva"]
[Black "Riegler, Alessandra"]
[Result "1-0"]
[WhiteElo "2075"]
[BlackElo "2050"]
[Annotator "ITA-SWE"]
[PlyCount "47"]
[EventDate "1997.05.05"]

1. d4 Nf6 2. c4 g6 3. Nc3 d6 4. Nf3 Bg7 5. e4 Bg4 6. Be2 O-O 7. Be3 Nc6 8. O-O
Bxf3 9. Bxf3 e5 10. d5 Ne7 11. c5 Ne8 12. Rc1 f5 13. Qb3 f4 14. Bd2 Qc8 15. Nb5
Qd7 16. Nxc7 Qxc7 17. cxd6 Qxd6 18. Bb4 Qf6 19. d6+ Nd5 20. Qxd5+ Qf7 21. Qxf7+
Rxf7 22. Bg4 Kh8 23. d7 Nf6 24. Rc8+ 1-0

[Event "II C.to Europeo a squadre femminile"]
[Site "Pola CRO"]
[Date "1997.05.??"]
[Round "5.2"]
[White "Fittante, Giuliana"]
[Black "Andersson, Christin"]
[Result "0-1"]
[WhiteElo "1707"]
[BlackElo "2135"]
[Annotator "ITA-SWE"]
[PlyCount "48"]
[EventDate "1997.05.05"]

1. d4 d5 2. c4 e6 3. Nc3 Nf6 4. Nf3 c5 5. cxd5 exd5 6. dxc5 Bxc5 7. e3 Nc6 8.
g3 O-O 9. Bg2 d4 10. Nxd4 Bxd4 11. exd4 Bg4 12. Qa4 Nxd4 13. O-O Re8 14. Bg5 h6
15. Be3 Nf5 16. Bc5 b6 17. Ba3 Rc8 18. Qxa7 Nd4 19. Qa4 Bf3 20. Bxf3 Nxf3+ 21.
Kg2 Rxc3 22. Rfd1 Rd3 23. Rxd3 Qxd3 24. Rd1 Ne1+ 0-1

[Event "II C.to Europeo a squadre femminile"]
[Site "Pola CRO"]
[Date "1997.05.??"]
[Round "6.1"]
[White "Fittante, Giuliana"]
[Black "Ipek, Nilufer"]
[Result "1/2-1/2"]
[WhiteElo "1707"]
[BlackElo "2070"]
[Annotator "ITA-TUR"]
[PlyCount "87"]
[EventDate "1997.05.05"]

1. d4 Nf6 2. c4 g6 3. Nc3 Bg7 4. e4 d6 5. Nf3 O-O 6. Be2 e5 7. dxe5 dxe5 8.
Qxd8 Rxd8 9. Bg5 c6 10. O-O Re8 11. Rfd1 Na6 12. Rd6 Be6 13. Rad1 h6 14. Bh4 g5
15. Bg3 Nc5 16. Bxe5 Nfxe4 17. Nxe4 Nxe4 18. R6d4 Nf6 19. R4d2 Bg4 20. Bd4 a5
21. h3 Bf5 22. Bd3 Be4 23. Bxf6 Bxf3 24. gxf3 Bxf6 25. Bf5 Re5 26. Be4 Rae8 27.
Rd7 R5e7 28. b3 Kg7 29. Kf1 Be5 30. Bf5 h5 31. Rxe7 Rxe7 32. Rd7 Rxd7 33. Bxd7
c5 34. Ke2 Bd4 35. Bc8 b6 36. Bb7 f5 37. Bc8 Kf6 38. Bd7 Ke5 39. Be8 h4 40. Bd7
Kf4 41. Bc8 Ke5 42. Bd7 f4 43. Be8 Bc3 44. Kd3 1/2-1/2

[Event "II C.to Europeo a squadre femminile"]
[Site "Pola CRO"]
[Date "1997.05.??"]
[Round "7.1"]
[White "Connolly, Suzanne"]
[Black "Riegler, Alessandra"]
[Result "1/2-1/2"]
[WhiteElo "2005"]
[BlackElo "2050"]
[Annotator "ITA-POR"]
[PlyCount "51"]
[EventDate "1997.05.05"]

1. e4 e6 2. d4 d5 3. Nd2 c5 4. exd5 exd5 5. Bb5+ Nc6 6. Ngf3 cxd4 7. O-O Nf6 8.
Nb3 Be7 9. Nbxd4 Bd7 10. c3 O-O 11. Bg5 Qc7 12. Bxf6 Bxf6 13. Ba4 Nxd4 14. Nxd4
Bxa4 15. Qxa4 a6 16. Nf3 Rfd8 17. Rfd1 Qc4 18. Qb3 b5 19. Nd4 Rac8 20. g3 b4
21. Rac1 Qxb3 22. axb3 Re8 23. Kf1 Kf8 24. Ne2 Red8 25. Rd3 Rc5 26. Ra1 1/2-1/2

[Event "II C.to Europeo a squadre femminile"]
[Site "Pola CRO"]
[Date "1997.05.??"]
[Round "8.1"]
[White "Valdes, Maritza"]
[Black "Fittante, Giuliana"]
[Result "1/2-1/2"]
[WhiteElo "2120"]
[BlackElo "1707"]
[Annotator "ITA-SVK"]
[PlyCount "85"]
[EventDate "1997.05.05"]

1. e4 e5 2. Nf3 Nf6 3. Nxe5 d6 4. Nf3 Nxe4 5. Nc3 Nxc3 6. dxc3 Be7 7. Be3 Nc6
8. Qd2 Be6 9. Ng5 Qd7 10. Nxe6 Qxe6 11. Be2 Ne5 12. O-O Nc4 13. Bxc4 Qxc4 14.
Rfe1 O-O 15. Bd4 Bd8 16. Re2 c5 17. Be3 Bf6 18. Qd3 Qxd3 19. cxd3 Rfe8 20. Rae1
Rad8 21. f3 b6 22. Kf2 d5 23. c4 dxc4 24. dxc4 Kf8 25. Bf4 Rxe2+ 26. Rxe2 Bd4+
27. Kg3 f6 28. b3 Kf7 29. h4 Rd7 30. Kh3 a6 31. g4 b5 32. Kg3 bxc4 33. bxc4 Bc3
34. Re3 Bd2 35. Ra3 Bxf4+ 36. Kxf4 Rd4+ 37. Ke3 Rxc4 38. Rxa6 Rc3+ 39. Ke2 Rc2+
40. Kd3 Rf2 41. Ke3 Rc2 42. h5 g6 43. hxg6+ 1/2-1/2

[Event "II C.to Europeo a squadre femminile"]
[Site "Pola CRO"]
[Date "1997.05.??"]
[Round "9.1"]
[White "Fittante, Giuliana"]
[Black "Hagarova, Zuzana"]
[Result "0-1"]
[WhiteElo "1707"]
[BlackElo "2275"]
[Annotator "ITA-IRL"]
[PlyCount "110"]
[EventDate "1997.05.05"]

1. Nf3 Nf6 2. d4 g6 3. Nbd2 Bg7 4. e4 d6 5. Bd3 O-O 6. O-O c6 7. h3 Qc7 8. Nc4
b5 9. Ne3 Nbd7 10. Bd2 e5 11. dxe5 dxe5 12. b4 Re8 13. Rc1 Nh5 14. c4 Nf4 15.
Qb3 Nxd3 16. Qxd3 bxc4 17. Qxc4 Nf6 18. Nd5 Nxd5 19. exd5 Qe7 20. dxc6 Be6 21.
Qa6 Bd5 22. Qa3 e4 23. Nh2 Rac8 24. Ng4 h5 25. Ne3 Bxc6 26. Bc3 f5 27. Bxg7
Qxg7 28. Qb3+ Kh7 29. Rfd1 Qe7 30. Nc4 Ba8 31. a3 Rc7 32. Ne3 f4 33. Rxc7 Qxc7
34. Nd5 Qf7 35. Qa2 Rd8 36. Nf6+ Qxf6 37. Rxd8 Qxd8 38. Qf7+ Kh6 39. Qxf4+ Kg7
40. Qe5+ Kh7 41. Qc5 Qd7 42. Qe3 Bc6 43. Qf4 Qe7 44. Qe3 a6 45. Qb6 Bb5 46. a4
Bxa4 47. Qxa6 e3 48. fxe3 Qxe3+ 49. Kh1 Qe1+ 50. Kh2 Qe5+ 51. Kh1 Bb5 52. Qa5
Qd5 53. Qc7+ Qd7 54. Qc5 Bc6 55. Qf8 Qxh3+ 0-1

[Event "II C.to Europeo a squadre femminile"]
[Site "Pola CRO"]
[Date "1997.05.??"]
[Round "9.2"]
[White "Pokorna, Regina"]
[Black "Goi, Veronika"]
[Result "1-0"]
[WhiteElo "2195"]
[BlackElo "1567"]
[Annotator "ITA-IRL"]
[PlyCount "139"]
[EventDate "1997.05.05"]

1. e4 e6 2. d4 d5 3. Nd2 Nd7 4. Bd3 dxe4 5. Nxe4 Ngf6 6. Nxf6+ Nxf6 7. Nf3 Bd6
8. Bg5 h6 9. Bh4 Bd7 10. Qe2 a6 11. O-O-O Qe7 12. Ne5 g5 13. Bg3 Nd5 14. Qf3
Nf4 15. Bxf4 gxf4 16. Qxb7 Rd8 17. Nc4 Qg5 18. h4 Qg7 19. Nxd6+ cxd6 20. Qe4
Ke7 21. Qxf4 Qxg2 22. Rhg1 Qd5 23. Rg7 Rdf8 24. Kb1 a5 25. Re1 a4 26. Qe4 Qxe4
27. Bxe4 d5 28. Bd3 Rb8 29. c3 a3 30. b3 Rhc8 31. Kc2 Rb6 32. Kd2 Rbc6 33. Rc1
Rb6 34. Rcg1 Rbc6 35. Rc1 Rb6 36. c4 dxc4 37. Rxc4 Rh8 38. Rc7 Rd6 39. Ke3 Kf6
40. Rg1 Re8 41. Rxd7 Rxd7 42. Bb5 Rdd8 43. Bxe8 Rxe8 44. Rc1 Rg8 45. Kf3 Rd8
46. Rc4 Rd5 47. Ra4 Kg6 48. Rxa3 Rxd4 49. Ra4 Rd1 50. Rb4 Ra1 51. a4 Ra3 52.
Rb5 f6 53. h5+ Kg7 54. Ke4 Ra1 55. a5 Re1+ 56. Kd3 f5 57. Rb4 Kf6 58. a6 Ra1
59. Ra4 Rd1+ 60. Kc4 Rd8 61. a7 Ra8 62. Kb5 Kg5 63. Kb6 Kxh5 64. Kb7 Rxa7+ 65.
Kxa7 Kg5 66. b4 h5 67. b5 h4 68. b6 h3 69. b7 h2 70. Ra1 1-0

[Event "XV Festival Isola d'Elba"]
[Site "Capoliveri ITA"]
[Date "1997.05.??"]
[Round "?"]
[White "Gorelli Fagiolini, Marco"]
[Black "Passerotti, Pierluigi"]
[Result "1/2-1/2"]
[WhiteElo "2170"]
[BlackElo "2300"]
[PlyCount "62"]
[EventDate "1997.05.04"]

1. d4 f5 2. g3 Nf6 3. Bg2 g6 4. c4 Bg7 5. Nc3 Nc6 6. Nf3 O-O 7. d5 Na5 8. Nd2
c5 9. Qc2 e5 10. dxe6 dxe6 11. O-O Bd7 12. Nb3 Bc6 13. Bxc6 Nxc6 14. Nxc5 Qe7
15. Nb3 Qb4 16. c5 a5 17. a4 Rfd8 18. Nb5 Qg4 19. f3 Nb4 20. Qc3 Qh3 21. Qc4
Nbd5 22. Bd2 f4 23. Bxf4 Nh5 24. Bg5 Nxg3 25. Rf2 Nh5 26. Qg4 Qxg4+ 27. fxg4
Nhf6 28. h3 Rf8 29. Raf1 Ne4 30. Rxf8+ Rxf8 31. Rxf8+ Kxf8 1/2-1/2

[Event "XV Festival Isola d'Elba"]
[Site "Capoliveri ITA"]
[Date "1997.05.??"]
[Round "?"]
[White "Naumkin, Igor"]
[Black "Rossi, Carlo"]
[Result "0-1"]
[WhiteElo "2435"]
[BlackElo "2320"]
[PlyCount "86"]
[EventDate "1997.05.04"]

1. d4 Nf6 2. Nf3 c5 3. d5 d6 4. Nc3 Qa5 5. Nd2 b5 6. e4 a6 7. Be2 g6 8. O-O Bg7
9. a4 c4 10. Ra2 b4 11. Ncb1 Qc7 12. c3 a5 13. Bxc4 O-O 14. Qe2 Na6 15. Bb5 Nc5
16. cxb4 axb4 17. b3 e6 18. dxe6 Bxe6 19. Rc2 Qa7 20. Bc4 d5 21. exd5 Nxd5 22.
Nf3 Rfe8 23. Re1 h6 24. Bxd5 Bxd5 25. Be3 Nxb3 26. Bxa7 Rxe2 27. Rcxe2 Rxa7 28.
Nbd2 Rxa4 29. Re8+ Kh7 30. Rd8 Nxd2 31. Nxd2 Be6 32. Ne4 Ra5 33. h3 b3 34. Rb8
b2 35. Nd2 Ra1 36. Kf1 Bc3 37. Ke2 Bc4+ 38. Nxc4 Rxe1+ 39. Kd3 b1=Q+ 40. Rxb1
Rxb1 41. Kxc3 Rf1 42. f3 Rf2 43. Ne3 f5 0-1

[Event "XIII Corsicoscacchi FIDE"]
[Site "Corsico ITA"]
[Date "1997.05.01"]
[Round "1"]
[White "Bonugli, Carlo"]
[Black "Faraoni, Enrico"]
[Result "0-1"]
[WhiteElo "2075"]
[BlackElo "2195"]
[PlyCount "80"]
[EventDate "1997.05.01"]

1. e4 e6 2. d4 d5 3. e5 c5 4. c3 Nc6 5. Nf3 Bd7 6. Be2 f6 7. O-O fxe5 8. Nxe5
Nxe5 9. dxe5 Qc7 10. f4 Nh6 11. Na3 O-O-O 12. Nc2 Nf5 13. Ne3 g6 14. g3 Bc6 15.
Qc2 h5 16. Rb1 d4 17. Nxf5 gxf5 18. Bf3 h4 19. cxd4 hxg3 20. hxg3 Bb5 21. Rd1
Qg7 22. Qg2 cxd4 23. Bd2 Kb8 24. Rbc1 Rd7 25. a3 Be7 26. Bb4 Bxb4 27. axb4 Rg8
28. Rc5 a6 29. Rdc1 d3 30. Kf2 d2 31. Rb1 Rgd8 32. Qg1 Ba4 33. Bd1 Bb5 34. Bb3
Qg4 35. Bd1 Qh3 36. Qg2 Qh7 37. Qg1 Rd3 38. Rc3 Qd7 39. Be2 Qd4+ 40. Kg2 Qe4+
0-1

[Event "XIII Corsicoscacchi FIDE"]
[Site "Corsico ITA"]
[Date "1997.05.01"]
[Round "1"]
[White "Caruso, Daniele"]
[Black "Podini, Francesco"]
[Result "0-1"]
[WhiteElo "2150"]
[BlackElo "2010"]
[PlyCount "92"]
[EventDate "1997.05.01"]

1. e4 c5 2. Nf3 e6 3. d4 cxd4 4. Nxd4 Nf6 5. Bd3 d5 6. e5 Nfd7 7. Nf3 Nc6 8.
Qe2 Nc5 9. O-O Nxd3 10. cxd3 Be7 11. Nc3 a6 12. a3 b5 13. b4 Qb6 14. Rb1 Bb7
15. Re1 Rc8 16. Na2 O-O 17. Bg5 Bxg5 18. Nxg5 h6 19. Nf3 Nd4 20. Nxd4 Qxd4 21.
Rbc1 Kh8 22. Qd2 Qg4 23. h3 Qd4 24. Kh2 Kg8 25. f4 Rc4 26. g3 Rfc8 27. Rxc4
dxc4 28. Rc1 Rd8 29. Nc3 Qxd3 30. Qxd3 Rxd3 31. Rc2 h5 32. a4 Bc6 33. axb5 axb5
34. Ne2 Bd5 35. Nc3 Bc6 36. Ne2 Rd1 37. g4 h4 38. Ng1 Rb1 39. Rf2 Rxb4 40. Nf3
Bxf3 41. Rxf3 Rb3 42. Rf1 c3 43. Kg2 Rb2+ 44. Kf3 b4 45. Ke3 b3 46. Kd3 c2 0-1

[Event "XIII Corsicoscacchi FIDE"]
[Site "Corsico ITA"]
[Date "1997.05.01"]
[Round "1"]
[White "Castaldo, Folco"]
[Black "Everet, Alexandro"]
[Result "0-1"]
[WhiteElo "1987"]
[BlackElo "2135"]
[PlyCount "114"]
[EventDate "1997.05.01"]

1. e4 e6 2. d4 d5 3. Nd2 Nf6 4. e5 Nfd7 5. Bd3 c5 6. c3 Nc6 7. Ne2 Qb6 8. O-O
cxd4 9. cxd4 Nxd4 10. Nxd4 Qxd4 11. Nf3 Qb6 12. Qa4 Qb4 13. Qc2 Be7 14. a3 Qb6
15. Be3 Bc5 16. Bxc5 Nxc5 17. Bxh7 Bd7 18. b4 Na4 19. Rac1 a5 20. bxa5 Qxa5 21.
Bg6 Rf8 22. Ng5 Ke7 23. Bh5 Rac8 24. Qb3 Rxc1 25. Rxc1 Qd2 26. Qb4+ Qxb4 27.
axb4 f6 28. Nf3 Rh8 29. Bg6 f5 30. h4 Nb6 31. Rc7 Rb8 32. Nd2 Kd8 33. Rc3 Bb5
34. Bh5 Rc8 35. Rg3 Nc4 36. Nf3 Rc7 37. Nd4 Bd7 38. f4 Nd2 39. Be2 Rc1+ 40. Kh2
Rb1 41. Rxg7 Ne4 42. Bf3 Nf2 43. g3 Rb2 44. Be2 Ng4+ 45. Kh3 Rxb4 46. Bxg4
fxg4+ 47. Rxg4 Rxd4 48. h5 Rd1 49. Kg2 d4 50. h6 Bc6+ 51. Kf2 Rd2+ 52. Ke1 Rh2
53. Rg8+ Kc7 54. Rg7+ Kb6 55. h7 d3 56. h8=Q d2+ 57. Kd1 Ba4# 0-1

[Event "XIII Corsicoscacchi FIDE"]
[Site "Corsico ITA"]
[Date "1997.05.01"]
[Round "1"]
[White "Cazzaniga, Walter"]
[Black "Vicari, Luigi"]
[Result "1-0"]
[WhiteElo "2205"]
[BlackElo "2085"]
[PlyCount "79"]
[EventDate "1997.05.01"]

1. d4 Nf6 2. c4 d6 3. Nc3 Nbd7 4. e4 e5 5. Nf3 Be7 6. Be2 c6 7. O-O O-O 8. Qc2
Qc7 9. h3 Re8 10. Be3 Nf8 11. d5 c5 12. a3 Bd7 13. Nd2 Ng6 14. Rfc1 h6 15. b4
b6 16. Rab1 Reb8 17. Rb3 Nh7 18. Qd1 Qc8 19. Bg4 Bxg4 20. hxg4 Nf6 21. f3 h5
22. gxh5 Nxh5 23. Ne2 Qd8 24. bxc5 bxc5 25. Rcb1 Rxb3 26. Qxb3 Bg5 27. Nf1 Nh4
28. Qb7 Nf4 29. Nxf4 exf4 30. Bf2 Ng6 31. Nd2 Ne5 32. Rb3 Bf6 33. Kf1 g5 34.
Ke2 Kg7 35. g4 Nd7 36. Qa6 Nb6 37. a4 Bc3 38. Rxc3 Qd7 39. a5 Nc8 40. Qb5 1-0

[Event "XIII Corsicoscacchi FIDE"]
[Site "Corsico ITA"]
[Date "1997.05.01"]
[Round "1"]
[White "Dorighet, Claudio"]
[Black "Natalucci, Fabrizio"]
[Result "1/2-1/2"]
[WhiteElo "2090"]
[BlackElo "2235"]
[PlyCount "95"]
[EventDate "1997.05.01"]

1. c4 f5 2. Nc3 Nf6 3. g3 e6 4. Bg2 d5 5. d4 c6 6. Nf3 Bd6 7. O-O O-O 8. Bf4
Bxf4 9. gxf4 Ne4 10. Qc2 Nd7 11. Ne5 Qh4 12. Nxd7 Bxd7 13. e3 Rf6 14. f3 Rh6
15. fxe4 Qxh2+ 16. Kf2 Rg6 17. Rg1 fxe4 18. Kf1 e5 19. Rh1 Qg3 20. Qf2 exd4 21.
Qxg3 Rxg3 22. exd4 Rf8 23. Ne2 Rd3 24. Ke1 Bg4 25. Rf1 Re3 26. Rf2 g5 27. Kd2
Rd3+ 28. Kc2 Bxe2 29. Rxe2 gxf4 30. Rd2 Rg3 31. Bf1 f3 32. Re1 Kg7 33. Rf2 h5
34. Kd2 h4 35. cxd5 cxd5 36. Rc1 Rf7 37. Rh2 Rf4 38. Ke3 Rfg4 39. Rc7+ Kf6 40.
Rxb7 Rg1 41. Kf2 Rxf1+ 42. Kxf1 e3 43. Rh3 Rg3 44. Rh1 Rg2 45. Rb3 Rf2+ 46. Kg1
Rg2+ 47. Kf1 Rf2+ 48. Kg1 1/2-1/2

[Event "XIII Corsicoscacchi FIDE"]
[Site "Corsico ITA"]
[Date "1997.05.01"]
[Round "1"]
[White "Duarte, Riccardo"]
[Black "Zoldan, Matteo"]
[Result "0-1"]
[WhiteElo "2010"]
[BlackElo "2155"]
[PlyCount "38"]
[EventDate "1997.05.01"]

1. e4 c5 2. f4 Nc6 3. Bb5 e6 4. Nf3 Nge7 5. d4 cxd4 6. Nxd4 Qb6 7. Nxc6 Nxc6 8.
Bd3 Bc5 9. Qf3 O-O 10. c3 a6 11. b4 Nxb4 12. cxb4 Bd4 13. Be3 Bxe3 14. a3 Qd4
15. Ke2 Qxa1 16. Qxe3 d6 17. g4 Bd7 18. h4 Bb5 19. Rh3 Qxb1 0-1

[Event "XIII Corsicoscacchi FIDE"]
[Site "Corsico ITA"]
[Date "1997.05.01"]
[Round "1"]
[White "Facchetti, Gianni"]
[Black "Sbarra, Marco"]
[Result "0-1"]
[WhiteElo "2125"]
[BlackElo "2285"]
[PlyCount "138"]
[EventDate "1997.05.01"]

1. e4 c5 2. Nf3 Nc6 3. d3 Nf6 4. Be2 d5 5. Nbd2 Bg4 6. c3 e6 7. Qc2 Be7 8. Nf1
Bh5 9. Ng3 Bg6 10. Nh4 c4 11. Nxg6 cxd3 12. Qxd3 hxg6 13. Qb5 a6 14. Qd3 d4 15.
O-O e5 16. Rd1 dxc3 17. bxc3 Qxd3 18. Rxd3 Bc5 19. Be3 Bxe3 20. Rxe3 Na5 21. a4
Ke7 22. Nf1 Rhd8 23. f3 Rac8 24. Kf2 Rc7 25. Ra3 Rcd7 26. c4 Rc7 27. Rec3 Ke6
28. Ra2 Nd7 29. Ne3 Nc5 30. Nd5 Rcd7 31. g3 f6 32. Bf1 Kf7 33. h4 Rh8 34. Ke3
Rdd8 35. Rcc2 Rh5 36. Be2 Nab3 37. f4 exf4+ 38. Kxf4 Re5 39. Bf3 Nd4 40. Rc3
Nxf3 41. Kxf3 Rxe4 42. a5 Re1 43. Re2 Rxe2 44. Kxe2 Re8+ 45. Kf3 Re1 46. Ra3
Rb1 47. Ne3 Ke6 48. Ra2 Nd3 49. Ke4 Ne5 50. Ra4 Rb3 51. g4 Nd7 52. Kd4 f5 53.
Ra1 Ne5 54. gxf5+ gxf5 55. Nd5 Nc6+ 56. Kc5 Rb2 57. Nc7+ Ke5 58. Re1+ Kf4 59.
Ne6+ Kg3 60. h5 Rh2 61. Nxg7 f4 62. Rf1 f3 63. Nf5+ Kf4 64. Ng7 Nxa5 65. Ne6+
Ke3 66. Re1+ Kd2 67. Re5 f2 68. Rd5+ Kc1 69. Rf5 Rxh5 0-1

[Event "XIII Corsicoscacchi FIDE"]
[Site "Corsico ITA"]
[Date "1997.05.01"]
[Round "1"]
[White "Gori, Andrea"]
[Black "Scotti, Umberto"]
[Result "1/2-1/2"]
[WhiteElo "1954"]
[BlackElo "2130"]
[PlyCount "85"]
[EventDate "1997.05.01"]

1. e4 e6 2. d4 d5 3. Nc3 Nf6 4. e5 Nfd7 5. f4 c5 6. Nf3 Nc6 7. Ne2 cxd4 8.
Nexd4 Qb6 9. c3 Nxd4 10. cxd4 Nb8 11. Bd3 Bd7 12. g3 Nc6 13. Bb1 Bb4+ 14. Kf2
f6 15. Kg2 O-O-O 16. h3 Be8 17. Rh2 Kb8 18. Kh1 Be7 19. Be3 Bh5 20. g4 Bg6 21.
Bxg6 hxg6 22. Qd3 f5 23. g5 Rc8 24. Ng1 Nb4 25. Qd1 Rc4 26. a3 Nc6 27. Rd2 a5
28. b3 Rc3 29. Rd3 Rxd3 30. Qxd3 Na7 31. Bc1 Qb5 32. Qd1 Rc8 33. Bb2 a4 34. b4
Rc4 35. Nf3 Qc6 36. Nd2 Rc2 37. Rc1 Rxc1 38. Qxc1 Qb5 39. Qf1 Qc6 40. Qc1 Qb5
41. Qf1 Qc6 42. Qc1 Qb5 43. Qf1 1/2-1/2

[Event "XIII Corsicoscacchi FIDE"]
[Site "Corsico ITA"]
[Date "1997.05.01"]
[Round "1"]
[White "Grinza, Andrea"]
[Black "Ranieri, Fabrizio"]
[Result "1/2-1/2"]
[WhiteElo "2275"]
[BlackElo "2125"]
[PlyCount "136"]
[EventDate "1997.05.01"]

1. d4 d5 2. c4 e6 3. Nc3 c6 4. cxd5 exd5 5. Nf3 Nf6 6. Bg5 Be7 7. Qc2 O-O 8. e3
Nbd7 9. Bd3 Re8 10. O-O Nf8 11. Rab1 Ng6 12. b4 a6 13. a4 Bd6 14. Bf5 h6 15.
Bxf6 Qxf6 16. Bxc8 Rexc8 17. Rfc1 Nh4 18. Nxh4 Qxh4 19. g3 Qf6 20. Qe2 Qf5 21.
Kg2 Bf8 22. Qf3 Qd3 23. Qe2 Qf5 24. Qc2 Qe6 25. Ne2 Bd6 26. Qd3 Qe7 27. Qb3
Qe4+ 28. Kg1 h5 29. h4 Qg4 30. Qd1 g5 31. hxg5 h4 32. f4 Qf3 33. Rb3 Re8 34.
Qf1 Qg4 35. Qf2 f6 36. gxf6 Kf7 37. Kg2 hxg3 38. Qf3 Qf5 39. Nxg3 Rg8 40. Kf2
Qxf6 41. Qh5+ Rg6 42. Qf5 Rag8 43. Qxf6+ Rxf6 44. Rg1 Rh6 45. Rg2 Rhg6 46. Rg1
Be7 47. Ne2 Bh4+ 48. Kf1 Ke6 49. Rxg6+ Rxg6 50. Rb1 Kf5 51. Nc3 Be7 52. b5 axb5
53. axb5 Bd8 54. bxc6 bxc6 55. Kf2 Rh6 56. Kg2 Ba5 57. Ne2 Ke4 58. Rb3 Be1 59.
Ra3 Rg6+ 60. Kf1 Bh4 61. Rc3 Kf3 62. Nc1 Re6 63. Nd3 Kxe3 64. Ne5+ Kxd4 65.
Rxc6 Rxc6 66. Nxc6+ Kc5 67. Ne5 Kd4 68. Nf3+ Ke4 1/2-1/2

[Event "XIII Corsicoscacchi FIDE"]
[Site "Corsico ITA"]
[Date "1997.05.01"]
[Round "1"]
[White "Mazzotti, Carlo"]
[Black "Capece, Adolivio"]
[Result "1/2-1/2"]
[WhiteElo "2135"]
[BlackElo "1955"]
[PlyCount "26"]
[EventDate "1997.05.01"]

1. e4 c5 2. Nc3 Nc6 3. f4 g6 4. Nf3 Bg7 5. Bc4 e6 6. f5 Na5 7. Qe2 Nxc4 8. Qxc4
d6 9. fxe6 Bxe6 10. Qb5+ Qd7 11. O-O Qxb5 12. Nxb5 Kd7 13. d3 a6 1/2-1/2

[Event "XIII Corsicoscacchi FIDE"]
[Site "Corsico ITA"]
[Date "1997.05.01"]
[Round "1"]
[White "Oppici, Gabriele"]
[Black "Marcoli, Paolo"]
[Result "0-1"]
[WhiteElo "2005"]
[BlackElo "2150"]
[PlyCount "74"]
[EventDate "1997.05.01"]

1. Nc3 d5 2. e4 d4 3. Nce2 e5 4. Nf3 Bd6 5. Ng3 Be6 6. Bb5+ Nd7 7. Qe2 c6 8.
Bc4 Nc5 9. O-O Nf6 10. Ng5 Bxc4 11. Qxc4 O-O 12. Qe2 d3 13. cxd3 Bc7 14. d4
Qxd4 15. b4 Qxa1 16. bxc5 Qxa2 17. Nf5 g6 18. Nh6+ Kg7 19. Qe3 Rad8 20. Qh3 Qc2
21. f3 Qxc5+ 22. Kh1 Ba5 23. d4 Qc4 24. g3 Rxd4 25. Bb2 Bc3 26. Bxc3 Qxc3 27.
Ng4 h5 28. Nxf6 Kxf6 29. f4 exf4 30. e5+ Kg7 31. e6 f6 32. e7 Re8 33. Ne6+ Kf7
34. Nxf4 Rxe7 35. Nxg6 Re1 36. Nf4 Rxf4 37. Qxh5+ Kg7 0-1